Представление документа в формате RUSMARC

ПолеНазваниеЗначение
  Тип записи a
  Библиографический уровень m
001 Контрольный номер RU/REG73/CBS_GRAD/654536820
005 Дата корректировки 20221122154918.9
101 Язык документа __
a Язык текста rus
200 Заглавие и сведения об ответственности __
a Заглавие Государственный музей изобразительных искусств имени А. С. Пушкина
e Сведения, относящиеся к заглавию Путеводитель по картинной галерее
b Общее обозначение материала Текст
203 Вид содержания и тип средства __
a Вид содержания Текст (визуальный) : непосредственный
210 Выходные данные __
a Место издания Москва
c Издательство Изобразительное искусство
d Дата издания 1987
215 Физическое описание __
a Объем 192 с.
686 Индексы других классификаций __
a Классификационный индекс 85.101
801 Источник записи _0
a Страна RU
b Организация RuCBSGrad
g Правила каталогизации PSBO
801 Источник записи _1
a Страна RU
b Организация RuCBSGrad
g Правила каталогизации PSBO
901 Тип документа __
t Тип документа m
981 __
b i
g e
2 isbdcontent
982 __
b n
2 isbdmedia
993 __
a 9540
b 3854
c Ретро
e 82298
f ЦГДБ
h 1.10
i 82298
m 1
n 44101.578414
o I
x 1
y 1
z 85.101